000 00540nam a2200205Ia 4500
005 20250923144255.0
008 008 250917s9999 xx 000 0 eng d
037 _aTextual
040 _aDSWL
_beng
_cDSWL
041 _aeng
_2eng
084 _aTt2:N38, H8
_qDSWL
100 _aPearce, F.G.
_9823098
245 0 _aPlan for education
_cby F.G. Pearce
260 _aBombay
_bOUP
_c1948
300 _a80 p.
365 _aINR
_b3
925 _g3
942 _cTEXL
_hTt2:N38, H8
999 _c1436872
_d1436872